| 000 | 00455nam a2200157Ia 4500 | ||
|---|---|---|---|
| 999 |
_c12042 _d12042 |
||
| 003 | OSt | ||
| 005 | 20201005161916.0 | ||
| 008 | 190216s9999||||xx |||||||||||||| ||und|| | ||
| 040 | _coclc | ||
| 082 |
_a891.733 _bSHO/V |
||
| 100 |
_aSholokhov, Mikhail _95098 |
||
| 245 | 0 |
_aVirgin Soil Upturned / _cMikhail Sholokhov |
|
| 260 |
_bPenguin Books, _c1978. _aMoscow: |
||
| 300 | _a465p | ||
| 942 |
_cBK _2ddc _h891.733 _iSHO/V _k891.733 _mSHO/V |
||